Normal view
MARC view
Entry Personal Name
001 - CONTROL NUMBER
- control field: 23078
003 - CONTROL NUMBER IDENTIFIER
- control field: OSt
005 - DATE AND TIME OF LATEST TRANSACTION
- control field: 20151227123254.0
008 - FIXED-LENGTH DATA ELEMENTS
- fixed length control field: 151227|| aca||aabn | a|a d
040 ## - CATALOGING SOURCE
- Original cataloging agency: OSt
- Transcribing agency: OSt
100 ## - HEADING--PERSONAL NAME
- Personal name: Singhal, C R
670 ## - SOURCE DATA FOUND
- Source citation: Work cat.: (OSt)35580: Singhal, C R, Bibliography of Indian Coins, 1950









